When does a partnership exist? (Record no. 65973)

MARC details
000 -LEADER
fixed length control field 01069cam a2200217 4500
001 - CONTROL NUMBER
control field ABS63451
008 - FIXED-LENGTH DATA ELEMENTS--GENERAL INFORMATION
fixed length control field 000000n2001 000 0 eng u
035 ## - SYSTEM CONTROL NUMBER
System control number (Sirsi) u110701
100 ## - MAIN ENTRY--PERSONAL NAME
Personal name Linsell, R.
245 ## - TITLE STATEMENT
Title When does a partnership exist?
260 ## - PUBLICATION, DISTRIBUTION, ETC.
Date of publication, distribution, etc. 2001
490 ## - SERIES STATEMENT
Series statement Solicitors' Journal
Volume/sequential designation 145(2) 19 January 2001, 45(1)
520 ## - SUMMARY, ETC.
Summary, etc. Examines "Khan v Miah" and the implications for partnerships and all other collaborative commercial ventures. Although the partnership, for which there was no formal agreement, had failed before the restaurant had been opened the HL ruled that many commercial activities involving expenditure had taken place and that the parties had clearly been working together in a common enterprise and that K was entitled to a settlement. Concludes that a partnership exists where there is an intention to make a profit rather than once that profit has been realised.
590 ## - LOCAL NOTE (RLIN)
Local note ABS
650 ## - SUBJECT ADDED ENTRY--TOPICAL TERM
Topical term or geographic name entry element CASE LAW
650 ## - SUBJECT ADDED ENTRY--TOPICAL TERM
Topical term or geographic name entry element KHAN V MIAH
650 ## - SUBJECT ADDED ENTRY--TOPICAL TERM
Topical term or geographic name entry element PARTNERSHIP LAW
650 ## - SUBJECT ADDED ENTRY--TOPICAL TERM
Topical term or geographic name entry element PARTNERSHIPS
690 ## - LOCAL SUBJECT ADDED ENTRY--TOPICAL TERM (OCLC, RLIN)
Topical term or geographic name as entry element LAW
942 ## - ADDED ENTRY ELEMENTS (KOHA)
Suppress in OPAC 0
Holdings
Withdrawn status Lost status Source of classification or shelving scheme Damaged status Not for loan Home library Current library Shelving location Date acquired Total Checkouts Full call number Barcode Date last seen Copy number Price effective from Koha item type
    Dewey Decimal Classification     London London Journal article 01/02/2001   ABS63451 110701-1001 06/08/2019 1 06/08/2019 Journal article